000 00472nam a22001697a 4500
999 _c6590
_d6590
003 GBCCL
005 20241126110606.0
008 180518b ||||| |||| 00| 0 eng d
040 _cgbc
082 _a248.2
_bMCC
100 _aMcClusky, E. M.
_911793
245 _aEscape!:
_bTrue stories of escapes from Satan's bondage /
_cE. M. McClusky
260 _aChicago:
_bMoody Press,
_c1954
300 _a192 p.;
_c18 cm.
650 _aReligious experience
_97062
942 _2ddc
_cBK